000
00299 a2200145 4500
001
178476
020
_a
040
_c
Magnum
100
_a
França, Mary
240
1
0
_a
Os pingos e a chuva
_l
por
245
1
0
_a
Os pingos e a chuva
362
0
_a
1899
697
_a
MAGNITO: I/ANIMAIS
942
_c
BK
999
_c
178476
_d
178476